Z kim graniczy... - Statystyki

Ogólne statystyki
  • Ten quiz został rozwiązany 18 razy
  • Średni wynik to 4 z 5
Statystyki odpowiedzi
Długość granicy Kraj % Poprawnych
7,591 km Rosja
100%
1,782 km Chiny
87%
1,241 km Kirgistan
80%
426 km Turkmenistan
80%
2,354 km Uzbekistan
67%
Nie znaleziono quizów pasujących do podanych kryteriów
Rozkład punktacji
Procent ludzi z każdym wynikiem
Percentyl według liczby udzielonych odpowiedzi
Twoja historia wyników
Nie rozwiązałeś tego quizu